LEADER 00873nam a2200205 i 4500 001 000000092632 003 CaOOAMICUS 005 20160201000000.0 008 160201s1888 it u000 u ita u 013 $a64874 040 $aSeMil$bita 100 1 $aAngelini, Nicola.$0(OLS)http://semarc/name/41122 245 10$aVita di s. Giovanni Berchmans della Compagnia di Gesł /$cdescritta dal p. Nicola Angelini. 260 $aRoma :$bTipografia Vaticana,$c1888. 300 $aXIII, 426 p. ;$c27 cm. 600 14$aBerchmans, Giovanni .$0(OLS)http://semarc/subject/16606 850 $aSeMil 852 $aSeMil$W1$xVenegono$y1$m3J IV 4 FA$j55519$B55519$CSeMilBibl$Z2$F60233 $8I 996 $6245$aVita di s. Giovanni Berchmans della Compagnia di Gesł$9(OLS)http://semarc/title/138797 996 $6260$aRoma :$bTipografia Vaticana$9(OLS)http://semarc/publisher/30672 LEADER 00869nam a2200229 i 4500 001 000000073996 003 CaOOAMICUS 005 20070327000000.0 008 070327s1927 it u000 u ita u 013 $a45168 040 $aSeMil$bita 100 1 $aOlschki, Leonardo,$d<1885-1961>.$0(OLS)http://semarc/name/36726 245 10$aGiordano Bruno /$cLeonardo Olschki. 260 $aBari :$bLaterza & Figli,$c1927. 300 $a107 p. ;$c20 cm. 490 0 $aBiblioteca di cultura moderna 600 14$aBruno, Giordano <1548-1600>.$0(OLS)http://semarc/subject/2312 830 0$aBiblioteca di cultura moderna.$0(OLS)http://semarc/title/639 850 $aSeMil 852 $aSeMil$W1$xVenegono$y1$B40148$CSeMilBibl$Z2$F40152 $81 996 $6245$aGiordano Bruno$9(OLS)http://semarc/title/111539 996 $6260$aBari :$bLaterza & Figli$9(OLS)http://semarc/publisher/29663